Statistics for World capitals without the letter A

Click here to take the quiz!

General Stats

  • This quiz has been taken 1,182 times
    (1,170 since last reset)
  • The average score is 37 of 49

Answer Stats

Answer% Correct
Oslo
92%
London
91%
Lisbon
89%
Moscow
89%
Berlin
88%
Dublin
86%
Helsinki
86%
Bern
85%
Stockholm
85%
Tokyo
85%
Beijing
84%
Minsk
84%
Kiev
82%
Rome
82%
Wellington
82%
Mexico City
81%
Seoul
81%
Tunis
79%
Brussels
78%
New Delhi
78%
Quito
78%
Vilnius
78%
Beirut
76%
Lome
75%
Luxembourg
74%
Port Louis
74%
Port Moresby
74%
Dili
73%
Freetown
72%
Skopje
72%
Bishkek
71%
Tripoli
71%
Djibouti
70%
Georgetown
70%
Porto-Novo
70%
Windhoek
70%
Kingston
68%
Tbilisi
68%
Thimphu
66%
Montevideo
65%
Bridgetown
64%
Lilongwe
64%
Kingstown
63%
Moroni
63%
Phnom Penh
61%
Sucre
61%
Libreville
60%
Bloemfontein
50%
Ngerulmud
49%

Score Distribution

Percentile by Number Answered

Percent of People with Each Score

Your Score History

You have not taken this quiz since the last reset